000 00672nam a2200205Ia 4500
999 _c22473
_d22473
082 _aTL.0031
100 _aLal, Jai Narain
245 0 _aUnion executive in the constitution of India : An analytical study
260 _c1966
_bGorakhpur University
300 _a595p. + C D - 59
650 _aPOLITICAL SCIENCE///CABINET SYSTEM
650 _aPARLIAMENTARY GOVERNMENT//CABINET SYSTEM
650 _aINDIA - CONSTITUTION
650 _aCABINET SYSTEM - INDIA
650 _aCABINET GOVERNMENT//CABINET SYSTEM
650 _aINDIA - PARLIAMENT
650 _aREPRESENTATIVE GOVERNMENT AND REPRESENTATION///CABINET SYSTEM
710 _aKrishna Nand
942 _cTH
_2ddc